Wird geladen...

The complete drawings of Albrecht Duerer 4 1520 - 1528

Gespeichert in:
Bibliographische Detailangaben
VerfasserIn: Dürer, Albrecht (VerfasserIn)
Dokumenttyp: Buch
Sprache:English
Veröffentlicht: New York : Abaris Books , 1974
Verantwortlich:Walter L. Strauss
LEADER 01416cam a2200337 cc4500
001 1079967141
003 DE-627
005 20260331160349.0
007 tu
008 850101s1974 xx ||||| 00| ||eng c
035 |a (DE-627)1079967141 
035 |a (DE-576)009967141 
035 |a (DE-599)BSZ009967141 
035 |a (OCoLC)310642860 
035 |a (OCoLC)310642860 
040 |a DE-627  |b ger  |c DE-627  |e rakwb 
041 |a eng 
084 |a 9,10  |2 ssgn 
084 |a LI 27507  |2 rvk  |0 (DE-625)rvk/95916:13285 
100 1 |a Dürer, Albrecht  |d 1471-1528  |0 (DE-588)11852786X  |0 (DE-627)133817024  |0 (DE-576)160794544  |4 aut 
245 1 4 |a The complete drawings of Albrecht Duerer  |n 4  |p 1520 - 1528  |c Walter L. Strauss 
264 1 |a New York  |b Abaris Books  |c 1974 
300 |a S. 1903 - 2395  |b überw. Ill. 
336 |a Text  |b txt  |2 rdacontent 
337 |a ohne Hilfsmittel zu benutzen  |b n  |2 rdamedia 
338 |a Band  |b nc  |2 rdacarrier 
583 1 |a Archivierung/Langzeitarchivierung gewährleistet  |f SSG  |x XA-DE-BW  |2 pdager  |5 DE-16 
773 1 8 |w (DE-627)1078928851  |w (DE-576)008928851  |g 4  |q 4  |7 nnam 
936 r v |a LI 27507  |b der Künstler als Zeichner, Grafiker  |k Kunstgeschichte  |k Künstler-Monografien  |k Alphabetische Künstlerliste  |k Künstler D  |k Dürer, Albrecht (bis 27510)  |k der Künstler als Zeichner, Grafiker  |0 (DE-627)1270879499  |0 (DE-625)rvk/95916:13285  |0 (DE-576)200879499 
951 |a MV 
999 |a KXP-PPN1079967141  |e 2897827203